| 000 | 00605nam a2200193Ii 4500 | ||
|---|---|---|---|
| 003 | JO-AjNU | ||
| 008 | 230605s9999||||xx |||||||||||||| ||und|| | ||
| 040 |
_aJO-AjNU _bara _erda _cJO-AjNU |
||
| 041 | _aara | ||
| 050 | 1 | 4 | _aPJ7832 1982 |
| 100 | 3 |
_aتأليف حجازي،عبد النبي, _eauthor _96971 |
|
| 245 | 0 | 0 | _aالمتعددة: رواية |
| 264 | 3 | 1 | _aدمشق:إتحاد الكتاب العرب،1982 |
| 300 | _a221ص | ||
| 336 |
_atext _btxt _2rdacontent |
||
| 337 |
_aunmediated _bn _2rdamedia |
||
| 338 |
_avolume _bnc _2rdacarrier |
||
| 650 | 4 |
_aالأدب العربي - روايات _96972 |
|
| 999 |
_aA43 _c3611 _d3611 |
||